Rienzi o El último de los tribunos (Record no. 167819)

MARC details
000 -LEADER
campo de control de longitud fija 00855nam a22002055i 4500
001 - NÚMERO DE CONTROL
campo de control 167819
003 - IDENTIFICADOR DE NÚMERO DE CONTROL
campo de control ES-MaACL
005 - FECHA Y HORA DE LA ÚLTIMA TRANSACCIÓN
campo de control 20250904043158.0
008 - DATOS DE LONGITUD FIJA--INFORMACIÓN GENERAL
campo de control de longitud fija 050930s1876 sp | |||||||| ||spa d
040 ## - FUENTE DE CATALOGACIÓN
Centro catalogador/agencia de origen CAM
Lengua de catalogación spa
Centro/agencia transcriptor CAM
100 1# - ENTRADA PRINCIPAL--NOMBRE DE PERSONA
Nombre de persona Wagner, Richard,
Fechas asociadas al nombre 1813-1883
9 (RLIN) 240522
245 10 - MENCIÓN DEL TÍTULO
Título Rienzi o El último de los tribunos
Resto del título : grande opera trágica en cinco actos /
Mención de responsabilidad, etc. poesía y música del maestro Ricardo Wagner.
260 ## - PUBLICACIÓN, DISTRIBUCIÓN, ETC.
Lugar de publicación, distribución, etc. Madrid :
Nombre del editor, distribuidor, etc. Administración Gorguera, 3,
Fecha de publicación, distribución, etc. 1876.
300 ## - DESCRIPCIÓN FÍSICA
Extensión 16 p. ;
Dimensiones 15 cm.
490 1# - MENCIÓN DE SERIE
Mención de serie La lira : galería completa de los libretos de óperas en compendio
598 ## - NOTA LOCAL
Nota local Dato de serie tomado de la cub.
830 03 - PUNTO DE ACCESO ADICIONAL DE SERIE-TÍTULO UNIFORME
Título uniforme La lira: galería completa de los libretos de óperas en compendio
9 (RLIN) 222655
852 ## - LOCALIZACIÓN
Ubicación ES-MaACL
Número de control de estantería Fol-Laf-519
Nota libre -- Rúst.
-- -- Legado de Modesto de la Fuente
Holdings
Estatus retirado Estado de pérdida Estado de daño No para préstamo Colección Biblioteca de origen Biblioteca actual Ubicación en estantería Fecha de adquisición Fuente de adquisición Total de préstamos Signatura topográfica completa Código de barras Visto por última vez Precio de reemplazo Tipo de ítem Koha
        Colección de folletos Biblioteca del Ateneo de Madrid Biblioteca del Ateneo de Madrid Depósito folletos 17/01/2008     Fol-Laf-519 1176059 23/02/2023 23/02/2023 Folleto